LEADER 00775nam0-22003131i-450- 001 990001508030403321 005 20030714100716.0 010 $a0-900953-31-4 035 $a000150803 035 $aFED01000150803 035 $a(Aleph)000150803FED01 035 $a000150803 100 $a20030714d--------km-y0itay50------ba 101 0 $aita 200 1 $aCIBSE Guide vol. c$eReference data$fCIBSE 205 $a5ed 210 $aLondon$cCIBSE$d1988 610 0 $aIgrometria 610 0 $aVapori 610 0 $aScambio termico 676 $a697.9 710 1 $aCIBSE$067717 801 0$aIT$bUNINA$gRICA$2UNIMARC 901 $aBK 912 $a990001508030403321 952 $a00 E105$b988$fDETEC 959 $aDETEC 996 $aCIBSE Guide vol. c$9376708 997 $aUNINA